| 000 | 00626nam a2200205 i 4500 | ||
|---|---|---|---|
| 001 | 76211 | ||
| 003 | ES-MaACL | ||
| 005 | 20260210162436.0 | ||
| 007 | t| | ||
| 008 | 040929s1905 fr ||||1| fre d | ||
| 100 | 1 |
_aGuenaux, Georges. _960434 |
|
| 245 | 1 | 0 |
_aZoologie agricole / _cpar Georges Guenaux ; introduction par P. Regnard. |
| 260 |
_a[S.l. : _bs.n., _c1905] ( _eCorbeil : _fCrété) |
||
| 300 |
_aXII, 563 p. ; _c17 cm. |
||
| 490 | 1 | _aEncyclopédie agricole | |
| 700 | 1 |
_aRegnard, Paul ( _d1850-1927) _9150831 |
|
| 830 | 0 |
_aEncyclopédie agricole _9180885 |
|
| 852 |
_aES-MaACL _jD-3641 |
||
| 999 |
_c76211 _d76211 |
||